World According to Yakko's World - Statistics

General Stats
  • This quiz has been taken 33 times
  • The average score is 84 of 159
Answers on the Map
Answers color-coded by a green-red scale on the quiz's map according to % correct below.
 
Answer Stats
Answer % Correct
United States
88%
Mexico
84%
Canada
80%
Panama
80%
Haiti
76%
Peru
76%
Argentina
72%
Bolivia
72%
Brazil
72%
Chile
72%
Colombia
72%
Cuba
72%
French Guiana
72%
Guyana
72%
Jamaica
72%
Republic Dominican
72%
Venezuela
72%
Belize
68%
China
68%
Ecuador
68%
El Salvador
68%
Germany
68%
Guatemala
68%
Honduras
68%
Iceland
68%
India
68%
Korea
68%
Nicaragua
68%
Paraguay
68%
Russia
68%
Suriname
68%
Uruguay
68%
Yemen
68%
Bahamas
64%
Belgium
64%
Costa Rica
64%
Denmark
64%
Finland
64%
France
64%
Japan
64%
Norway
64%
Sweden
64%
Afghanistan
60%
Austria
60%
Czechoslovakia
60%
Indonesia
60%
Ireland
60%
Italy
60%
Luxembourg
60%
Mongolia
60%
Netherlands
60%
New Zealand
60%
Oman
60%
Pakistan
60%
Philippines
60%
Poland
60%
Portugal
60%
Spain
60%
Switzerland
60%
Yugoslavia
60%
Algeria
56%
Australia
56%
Burma
56%
Cameroon
56%
Greece
56%
Hungary
56%
Iran
56%
Iraq
56%
Israel
56%
Laos
56%
Malaysia
56%
Saudi Arabia
56%
Syria
56%
Taiwan
56%
Thailand
56%
Turkey
56%
Vietnam
56%
Angola
52%
Bangladesh
52%
Bhutan
52%
Bulgaria
52%
Chad
52%
Cyprus
52%
Djibouti
52%
Egypt
52%
England
52%
Ethiopia
52%
Guinea
52%
Lebanon
52%
Lesotho
52%
Libya
52%
Madagascar
52%
Malawi
52%
Mali
52%
Malta
52%
Mauritania
52%
Morocco
52%
Nepal
52%
Niger
52%
Nigeria
52%
Qatar
52%
Romania
52%
Sri Lanka
52%
Sudan
52%
Togo
52%
Tunisia
52%
Zambia
52%
Zimbabwe
52%
Bahrain
48%
Botswana
48%
Burundi
48%
Congo
48%
Gabon
48%
Gambia
48%
Ghana
48%
Guinea-Bissau
48%
Jordan
48%
Kenya
48%
Liberia
48%
Mozambique
48%
Rwanda
48%
Senegal
48%
Somalia
48%
Tanzania
48%
Uganda
48%
Zaire
48%
Albania
44%
Benin
44%
Fiji
44%
Greenland
44%
Kuwait
44%
Liechtenstein
44%
Namibia
44%
New Guinea
44%
Sierra Leone
44%
Swaziland
44%
Asia
40%
Caribbean
40%
Monaco
40%
Scotland
40%
Guam
36%
Puerto Rico
36%
Barbados
32%
Bermuda
32%
Kampuchea
28%
Palestine
24%
San Juan
24%
Sumatra
24%
Abu Dhabi
20%
Algiers
20%
Borneo
20%
Tobago
20%
Dahomey
16%
Tibet
16%
Hong Kong
12%
Transylvania
12%
Cayman
8%
Crete
4%
Mahore
4%
No matching quizzes found
Score Distribution
Percent of People with Each Score
Percentile by Number Answered
Your Score History
You have not taken this quiz